• 首页
  • 本馆介绍
  • 公告通知
  • 最新文献
  • 馆藏检索
  • 电子资源
  • 读者导购
  • 参考咨询
  • 我的图书馆
  • 登录
  • 详细信息显示
  • 放入我的书架
  • 预约/预借图书
  • 作者相关作品
  • 分类相关作品
  • 丛书相关作品
  • 出版社相关作品

书目信息

  • 表格格式
  • 工作单格式
  • 卡片格式
题名:
地区主义:理论的历史演进
    
 
作者: 肖欢容 著
分册:  
出版信息: 北京   北京广播学院出版社  2003
页数: 307页
开本: 22cm
丛书名: 国际关系学书系
单 册:
中图分类: D5
科图分类:
主题词: 国际政治
电子资源:
ISBN: 7-81085-101-2
000 00673nam0 2200241 450
001 0560193187
005 20051027164832.34
010    @a7-81085-101-2@dCNY38.00
092    @aCN
100    @a20051027d2003 km y0chiy0120 ea
101 0  @achi
102    @aCN@b110000
102    @aCN@b110000
200 1  @a地区主义:理论的历史演进@Adi qu zhu yi:li lun de li shi yan jin@f肖欢容著@Fxiao huan rong zhu
210    @a北京@c北京广播学院出版社@d2003
215 1  @a307页@d22cm
225    @a国际关系学书系
461  0 @12001 @a国际关系学书系
606 0  @a国际政治
690    @aD5@v4
701  0 @a肖欢容@Axiao huan rong@4著
801  0 @aCN@bPFT@c20051027
905    @a10447@dD5@e103
    
    地区主义:理论的历史演进/肖欢容著.-北京:北京广播学院出版社,2003
    307页;22cm.-(国际关系学书系)
    
    
    ISBN 7-81085-101-2:CNY38.00
    
●
相关链接 在E读中查询图书 在五车中查询图书 在当当中查询图书 在豆瓣中查询图书


正题名:地区主义:理论的历史演进     索取号:D5/103         预约/预借

序号 登录号 条形码 馆藏地/架位号 状态 备注
1 0337121   203371216   第一样本阅览室/ [索取号:D5/103] 在馆    
2 0337122   203371225   第一借阅区/ [索取号:D5/103] 在馆    
3 0337123   203371234   第一借阅区/ [索取号:D5/103] 在馆    
唐山师范学院图书馆 欢迎您!
大连网信软件有限公司© 版权所有